000 00598nam a22001817a 4500
003 LK-CoMWRAF
008 240624b |||||||| |||| 00| 0 eng d
040 _aLK-CoMWRAF
_dLK-CoMWRAF
_eLK-CoMWRAF
041 _aeng
082 _a305.42
_bWOM
111 _aNINTH NATIONAL CONVENTION ON WOMEN'S STUDIES
_c( Colombo,
_d 20-23rd March 2004)
245 _aSESSION III:
_bGovernance
260 _aColombo:
_b Centre for Women's Research,
_c2004
300 _a25 p.
_bBibliography included
650 _a WOMEN'S STUDIES- Sri Lanka- Congresses
650 _aWomen-Local governance-Sri Lanka
942 _cCP
999 _c4931
_d4931